Французский язык. Теоретическая грамматика, морфология, синтаксис: учебник для вузов

Dades bibliogràfiques
Autor principal: Васильева Н. М. Наталья Михайловна
Altres autors: Пицкова Л. П.
Sumari:На франц. языке
Настоящий учебник предназначен для студентов — бакалавров и магистров, изучающих французский язык по специальностям: «Теория и методика преподавания иностранных языков и культур», «Перевод и переводоведение», «Теория и практика межкультурной коммуникации» и др. Цель данного пособия — дать необходимые сведения по теоретической грамматике французского языка. Учебник состоит из двух частей: теоретического курса морфологии и синтаксиса и практических заданий, способствующих усвоению курса и контролирующих знания. Содержание учебных материалов соответствует требованиям Федерального государственного образовательного стандарта высшего профессионального образования третьего поколения.Для студентов высших учебных заведений.
Idioma:francès
Publicat: Москва, Юрайт, 2013
Edició:3-е изд., перераб. и доп.
Col·lecció:Бакалавр. Углубленный курс
Matèries:
Format: MixedMaterials Llibre
KOHA link:https://koha.lib.tpu.ru/cgi-bin/koha/opac-detail.pl?biblionumber=233972

MARC

LEADER 00000nam0a2200000 4500
001 233972
005 20231101231302.0
010 |a 9785991620482 
035 |a (RuTPU)RU\TPU\book\255056 
035 |a BOOK00001868 
035 |a RU\TPU\book\24100 
090 |a 233972 
100 |a 20011209d2013 m y0rusy50 ca 
101 0 |a fre 
102 |a RU 
105 |a y j 000zy 
200 1 |a Французский язык. Теоретическая грамматика, морфология, синтаксис  |e учебник для вузов  |f Н. М. Васильева, Л. П. Пицкова 
205 |a 3-е изд., перераб. и доп. 
210 |a Москва  |c Юрайт  |d 2013 
215 |a 473 с. 
225 1 |a Бакалавр. Углубленный курс 
300 |a На франц. языке 
330 |a Настоящий учебник предназначен для студентов — бакалавров и магистров, изучающих французский язык по специальностям: «Теория и методика преподавания иностранных языков и культур», «Перевод и переводоведение», «Теория и практика межкультурной коммуникации» и др. Цель данного пособия — дать необходимые сведения по теоретической грамматике французского языка. Учебник состоит из двух частей: теоретического курса морфологии и синтаксиса и практических заданий, способствующих усвоению курса и контролирующих знания. Содержание учебных материалов соответствует требованиям Федерального государственного образовательного стандарта высшего профессионального образования третьего поколения.Для студентов высших учебных заведений. 
606 1 |a Французский язык  |x Учебные руководства и пособия для вузов  |x Пособия по грамматике  |2 stltpush  |3 (RuTPU)RU\TPU\subj\16838  |9 42738 
610 1 |a грамматика 
610 1 |a морфология 
610 1 |a синтаксис 
686 |a Ш147.11-923.2  |v LBC/SL-A  |2 rubbk 
700 1 |a Васильева  |b Н. М.  |g Наталья Михайловна 
701 1 |a Пицкова  |b Л. П.  |f Людмила Петровна 
801 1 |a RU  |b 63413507  |c 20130314 
801 2 |a RU  |b 63413507  |c 20130527  |g RCR 
900 |a Французский язык 
942 |c BK 
952 |l 8 
959 |a 45/20130225  |d 1  |e 409,00  |f ЧЗИЛ:1